[Event "CYCC U08"]
[Site "Windsor CAN"]
[Date "2010.07.07"]
[Round "4"]
[White "Pulfer, Luke"]
[Black "Talukdar, Rohan"]
[Result "1-0"]
[WhiteElo "948"]
[BlackElo "1178"]
[PlyCount "73"]
[EventDate "2010.07.06"]
[EventType "swiss"]
[EventRounds "7"]
[EventCountry "CAN"]

1. d4 d5 2. c4 c5 3. dxc5 dxc4 4. Qxd8+ Kxd8 5. e4 e5 6. Nf3 Nc6 7. Bxc4 Bxc5
8. O-O Nf6 9. Nc3 Nb4 10. Bg5 Be7 11. Nxe5 Rf8 12. Nxf7+ Ke8 13. Bxf6 Bxf6 14.
e5 Be7 15. Nd6+ Bxd6 16. exd6 Kd7 17. Ne4 Re8 18. f3 b6 19. Bb5+ Ke6 20. Bxe8
Bd7 21. Bxd7+ Kxd7 22. Rac1 Nxa2 23. Rc7+ Kd8 24. Rxg7 Nb4 25. Rg8+ Kd7 26.
Rxa8 a6 27. Ra7+ Kd8 28. d7 Nc6 29. Rb7 Ne5 30. Nf6 b5 31. Rb8+ Ke7 32. d8=Q+
Ke6 33. Rb6+ Kf5 34. g4+ Kf4 35. Nh5+ Ke3 36. Kg2 Nc4 37. Re1# 1-0

[Event "CYCC U08"]
[Site "Windsor CAN"]
[Date "2010.07.07"]
[Round "4"]
[White "Su, Michael"]
[Black "Doknjas, Joshua"]
[Result "0-1"]
[WhiteElo "1254"]
[BlackElo "1204"]
[PlyCount "96"]
[EventDate "2010.07.06"]
[EventType "swiss"]
[EventRounds "7"]
[EventCountry "CAN"]

1. d4 d5 2. c4 e6 3. Nf3 Nf6 4. cxd5 exd5 5. Bg5 Be7 6. e3 h6 7. Bf4 O-O 8. Bd3
b6 9. Qc2 c5 10. dxc5 bxc5 11. O-O Bb7 12. Nc3 a6 13. Rfd1 Nc6 14. a3 Na7 15.
Qe2 Qc8 16. Na4 Qc6 17. Qc2 c4 18. Bf5 Nb5 19. Ne5 Qe8 20. Nb6 Rd8 21. a4 Na7
22. a5 Nc8 23. Bxc8 Bxc8 24. Nf3 Qc6 25. Nd4 Qb7 26. Rab1 Bc5 27. Nxc8 Qxc8 28.
b4 Bxd4 29. Rxd4 Qb7 30. Qb2 Ne4 31. f3 c3 32. Qc2 Nd2 33. Rd1 Rc8 34. Bg3 Qe7
35. Kf2 Rfe8 36. Bf4 g5 37. Bxg5 hxg5 38. Re1 Nc4 39. Qxc3 Nxe3 40. Qa1 Rc2+
41. Kg1 Rxg2+ 42. Kh1 Rf2 43. Rg1 Rxf3 44. Rh4 f6 45. Rxg5+ fxg5 46. Qh8+ Kf7
47. Qh5+ Ke6 48. Qxf3 gxh4 0-1

[Event "CYCC U08"]
[Site "Windsor CAN"]
[Date "2010.07.07"]
[Round "4"]
[White "Tolentino, Patrick"]
[Black "Yie, Kevin"]
[Result "0-1"]
[WhiteElo "729"]
[BlackElo "1302"]
[PlyCount "124"]
[EventDate "2010.07.06"]
[EventType "swiss"]
[EventRounds "7"]
[EventCountry "CAN"]

1. e4 e5 2. d4 exd4 3. c3 d5 4. Qxd4 dxe4 5. Qxd8+ Kxd8 6. Bf4 Bd7 7. Nd2 Nf6
8. O-O-O Bd6 9. Bxd6 cxd6 10. Nc4 d5 11. Ne5 Rf8 12. c4 dxc4 13. Bxc4 Ke8 14.
Ne2 a6 15. Ng3 b5 16. Bb3 Ra7 17. Kb1 Nc6 18. Nxd7 Rxd7 19. Rde1 Kd8 20. Nxe4
Nxe4 21. Rxe4 Nd4 22. Re3 Nxb3 23. Rxb3 Rd2 24. Rf3 f6 25. Kc1 Re2 26. Rd1+ Ke7
27. Rd2 Re1+ 28. Kc2 Rc8+ 29. Kb3 Re6 30. Rg3 g6 31. Rh3 Rh8 32. Rdd3 f5 33.
Rc3 Kf6 34. Rc7 h5 35. Rd3 Rhe8 36. h4 Rh8 37. f4 Rh6 38. Rdd7 Re3+ 39. Kc2
Re2+ 40. Rd2 Re6 41. Kd1 Rh8 42. Rdd7 Rf8 43. Rh7 Rd8+ 44. Kc2 Re2+ 45. Kc3
Re3+ 46. Kb4 Re4+ 47. Ka5 Ra4+ 48. Kb6 Rxf4 49. Kxa6 Rxh4 50. Kxb5 Rd2 51. Rc6+
Kg5 52. Rg7 Rxb2+ 53. Kc5 Rc2+ 54. Kd6 Rxc6+ 55. Kxc6 Rb4 56. g3 Re4 57. Kc5
Re5+ 58. Kb6 Re6+ 59. Kc5 Kg4 60. Rd7 Kxg3 61. Kc4 f4 62. Kd3 g5 0-1

[Event "CYCC U08"]
[Site "Windsor CAN"]
[Date "2010.07.07"]
[Round "4"]
[White "Zhang, Zhehai"]
[Black "Bacic, Joyce"]
[Result "1-0"]
[WhiteElo "1214"]
[BlackElo "552"]
[PlyCount "77"]
[EventDate "2010.07.06"]
[EventType "swiss"]
[EventRounds "7"]
[EventCountry "CAN"]

1. e4 Nf6 2. Nc3 e5 3. Nf3 d6 4. Bc4 Bg4 5. Be2 c5 6. O-O g5 7. Nxg5 Bh6 8. Nf3
O-O 9. d3 Bxc1 10. Rxc1 d5 11. exd5 Re8 12. Ne4 Nfd7 13. c4 Nf6 14. Nxc5 Na6
15. Nxa6 bxa6 16. Nh4 Qd7 17. Bxg4 Nxg4 18. Qd2 e4 19. Qg5+ Kf8 20. dxe4 Rxe4
21. Qf5 Ne5 22. Qxd7 Nxd7 23. Nf3 Rc8 24. b3 Nf6 25. Rce1 h5 26. h3 h4 27. g3
hxg3 28. fxg3 Nh5 29. Rxe4 Nxg3 30. Rfe1 a5 31. Kg2 Nf5 32. Rh1 Nd6 33. Kf2 Nf5
34. h4 Kg7 35. h5 Rh8 36. Rh2 Kf6 37. Rh1 Ng7 38. h6 Rxh6 39. Rxh6+ 1-0

[Event "CYCC U08"]
[Site "Windsor CAN"]
[Date "2010.07.07"]
[Round "4"]
[White "Zhao, Yue Tong (Davy)"]
[Black "Mathews, Joshua"]
[Result "0-1"]
[WhiteElo "1228"]
[BlackElo "1094"]
[PlyCount "108"]
[EventDate "2010.07.06"]
[EventType "swiss"]
[EventRounds "7"]
[EventCountry "CAN"]

1. e4 e5 2. Nf3 Nc6 3. d4 exd4 4. Nxd4 Bc5 5. Nxc6 bxc6 6. Bc4 d6 7. O-O Nf6 8.
e5 dxe5 9. Qxd8+ Kxd8 10. Re1 Ng4 11. Be3 Nxe3 12. fxe3 f6 13. Nc3 Bf5 14.
Rad1+ Ke8 15. Bb3 Rd8 16. Rxd8+ Kxd8 17. Na4 Bb4 18. c3 Ba5 19. e4 Bg6 20. Nc5
Bb6 21. Rd1+ Ke8 22. Bc2 Bxc5+ 23. Kf1 Ke7 24. b4 Be3 25. Bd3 Rd8 26. h3 Bf7
27. a3 Bb3 28. Rb1 Ba4 29. Ke2 Bb6 30. c4 a6 31. c5 Ba7 32. Bxa6 Bb5+ 33. Bxb5
cxb5 34. Rd1 Rxd1 35. Kxd1 c6 36. Ke2 Ke6 37. g4 g6 38. g5 f5 39. Kf3 Bb8 40.
h4 Bc7 41. Ke3 fxe4 42. Kxe4 Bd8 43. Ke3 Kf5 44. Kf3 e4+ 45. Ke3 Ke5 46. Kd2
Kd4 47. Kc2 e3 48. Kd1 Kd3 49. Kc1 e2 50. Kb2 e1=Q 51. Kb3 Qc1 52. a4 Qb1+ 53.
Ka3 Kc3 54. axb5 Qb3# 0-1

[Event "CYCC U08"]
[Site "Windsor CAN"]
[Date "2010.07.07"]
[Round "4"]
[White "Zhong, Xiao Xuan"]
[Black "Boushy, Declan Paul"]
[Result "1-0"]
[WhiteElo "957"]
[BlackElo "901"]
[PlyCount "95"]
[EventDate "2010.07.06"]
[EventType "swiss"]
[EventRounds "7"]
[EventCountry "CAN"]

1. e4 c5 2. Nc3 e6 3. Bc4 Nc6 4. f4 d6 5. Nf3 Nge7 6. O-O g6 7. d3 Bg7 8. Kh1
Bxc3 9. bxc3 d5 10. Bb3 dxe4 11. dxe4 Qxd1 12. Rxd1 Na5 13. Ba4+ Nac6 14. Bb2
O-O 15. Ba3 b6 16. Rd6 Bb7 17. Rad1 Rab8 18. Bxc6 Nxc6 19. Rd7 Rfd8 20. Ng5 Rf8
21. Rc7 h6 22. Nf3 Rfc8 23. Rdd7 Rxc7 24. Rxc7 f6 25. c4 e5 26. Nh4 g5 27. fxg5
fxg5 28. Nf5 Nd4 29. Nxh6+ Kf8 30. Rh7 Re8 31. Rxb7 Rd8 32. h3 Nxc2 33. Rxa7
Rd3 34. Bc1 Rd1+ 35. Kh2 Rxc1 36. Rb7 Rb1 37. Kg3 Ne3 38. Rb8+ Kg7 39. Nf5+
Nxf5+ 40. exf5 Kf6 41. Kg4 Rb2 42. Rb7 Rxa2 43. Rxb6+ Kf7 44. g3 Rc2 45. Kxg5
Rxc4 46. Rb7+ Kf8 47. Kf6 e4 48. Rb8# 1-0

[Event "CYCC U08"]
[Site "Windsor CAN"]
[Date "2010.07.08"]
[Round "5"]
[White "Bacic, Joyce"]
[Black "Tolentino, Patrick"]
[Result "0-1"]
[WhiteElo "952"]
[BlackElo "729"]
[PlyCount "84"]
[EventDate "2010.07.06"]
[EventType "swiss"]
[EventRounds "7"]
[EventCountry "CAN"]

1. d4 Nf6 2. Bd2 e6 3. e3 c5 4. dxc5 Nc6 5. Nf3 Bxc5 6. e4 Qb6 7. Be3 Bxe3 8.
fxe3 Qxe3+ 9. Qe2 Qxe2+ 10. Bxe2 Nb4 11. a3 Nxc2+ 12. Kd1 Nxa1 13. Nc3 O-O 14.
Kd2 b6 15. Rxa1 Bb7 16. Bd3 d5 17. exd5 Nxd5 18. Nxd5 Bxd5 19. h4 Rfe8 20. Ke3
e5 21. Bb5 Red8 22. Bf1 e4 23. Ng5 h6 24. Nh3 Bb7 25. a4 Rd3+ 26. Bxd3 exd3 27.
Kxd3 Bxg2 28. Nf4 Rd8+ 29. Ke3 Ba8 30. a5 g5 31. hxg5 hxg5 32. Nh5 Re8+ 33. Kf2
f5 34. axb6 axb6 35. Rxa8 Rxa8 36. Ng3 f4 37. Ne2 Ra2 38. b4 g4 39. Kg1 Rxe2
40. Kh1 g3 41. b5 f3 42. Kg1 Re1# 0-1

[Event "CYCC U08"]
[Site "Windsor CAN"]
[Date "2010.07.08"]
[Round "5"]
[White "Boushy, Declan Paul"]
[Black "Patel, Advait"]
[Result "1-0"]
[WhiteElo "901"]
[BlackElo "842"]
[PlyCount "55"]
[EventDate "2010.07.06"]
[EventType "swiss"]
[EventRounds "7"]
[EventCountry "CAN"]

1. d4 d5 2. Nc3 Nf6 3. Bf4 Nc6 4. Nb5 Rb8 5. Bxc7 Qd7 6. Bxb8 e5 7. dxe5 Ng4 8.
Nf3 Qe6 9. Nc7+ Kd8 10. Nxe6+ fxe6 11. Ng5 Ke8 12. Nxe6 Nxb8 13. Qxd5 Bxe6 14.
Qxe6+ Kd8 15. O-O-O+ Kc7 16. Qc4+ Nc6 17. Qxg4 Nxe5 18. Qg3 Bd6 19. Qxg7+ Kc6
20. Qxh8 Ng4 21. Qe8+ Kc7 22. b3 Nxf2 23. Qf7+ Kc8 24. Qxf2 b5 25. Rxd6 b4 26.
Qc5+ Kb8 27. Rd7 h6 28. Qf8# 1-0

[Event "CYCC U08"]
[Site "Windsor CAN"]
[Date "2010.07.08"]
[Round "5"]
[White "Doknjas, Joshua"]
[Black "Yie, Kevin"]
[Result "1-0"]
[WhiteElo "1204"]
[BlackElo "1302"]
[PlyCount "85"]
[EventDate "2010.07.06"]
[EventType "swiss"]
[EventRounds "7"]
[EventCountry "CAN"]

1. e4 e5 2. Nf3 Nc6 3. d4 exd4 4. Nxd4 Qh4 5. Nc3 Bb4 6. Be2 Bxc3+ 7. bxc3 Qxe4
8. Nb5 Kd8 9. O-O a6 10. Nd4 Nxd4 11. cxd4 Ne7 12. Re1 Qg6 13. Bd3 Qb6 14. Ba3
Ng6 15. Bxg6 hxg6 16. Be7+ Ke8 17. Bc5+ Qe6 18. Rxe6+ dxe6 19. d5 exd5 20. Qxd5
Be6 21. Qxb7 Rd8 22. f3 Rh5 23. Qxc7 Rd7 24. Qb6 Rhd5 25. Be3 R5d6 26. Qb2 f6
27. Re1 Kf7 28. a3 Rc6 29. c3 Rdc7 30. Bd4 Rd6 31. Qe2 Rcd7 32. Bc5 Rc6 33. Qe4
Rdc7 34. Re2 f5 35. Qe5 Rd7 36. Bd4 Rd5 37. Qxg7+ Ke8 38. Qg8+ Kd7 39. Qxg6 Rb5
40. Qg7+ Kc8 41. Bf6 Rb1+ 42. Kf2 Bc4 43. Re8# 1-0

[Event "CYCC U08"]
[Site "Windsor CAN"]
[Date "2010.07.08"]
[Round "5"]
[White "Ene, Nicholas"]
[Black "Pulfer, Luke"]
[Result "1/2-1/2"]
[WhiteElo "1312"]
[BlackElo "948"]
[PlyCount "159"]
[EventDate "2010.07.06"]
[EventType "swiss"]
[EventRounds "7"]
[EventCountry "CAN"]

1. e4 d6 2. d4 Nf6 3. h3 Nxe4 4. Bd3 Nf6 5. Nf3 Nc6 6. c3 e5 7. Qe2 Qe7 8. Be3
e4 9. Bc2 exf3 10. Qxf3 g6 11. O-O Bg7 12. Nd2 O-O 13. Rfe1 Be6 14. c4 d5 15.
c5 b6 16. cxb6 cxb6 17. Bf4 Qd7 18. Be5 Nxe5 19. dxe5 Ne8 20. Red1 Qc6 21. Rdc1
Qd7 22. Rd1 Bxe5 23. Ne4 Bxb2 24. Rab1 Bg7 25. Ng3 Nf6 26. Kh2 Rac8 27. Bb3
Rfe8 28. Rdc1 Rxc1 29. Rxc1 Rc8 30. Rd1 Bh8 31. Rf1 Ne8 32. Re1 Rc3 33. Qe2 Nf6
34. Qd2 Rc8 35. Qe2 Bg7 36. Qd2 a5 37. Qd1 b5 38. a4 b4 39. Ne2 Qd6+ 40. Kg1
Bh6 41. Ng3 Rc4 42. Bxc4 d4 43. Bxe6 fxe6 44. Qf3 Kg7 45. Qe2 d3 46. Qxe6 Qxe6
47. Rxe6 d2 48. Rd6 b3 49. Ne2 b2 50. Nc3 Ne4 51. Rd7+ Kf6 52. Nxe4+ Ke6 53.
Rd6+ Ke5 54. Nc3 Kxd6 55. Kf1 Bg7 56. Ne4+ Kd5 57. Nxd2 Kd4 58. Ke1 Bh6 59. Nb1
Kd3 60. Kd1 Bg7 61. g3 Bd4 62. f4 h5 63. g4 hxg4 64. hxg4 Be3 65. f5 gxf5 66.
gxf5 Bg5 67. Na3 Kc3 68. Nb1+ Kb3 69. Ke2 Kc2 70. Na3+ Kc1 71. Kd3 b1=Q+ 72.
Nxb1 Kxb1 73. Kc4 Ka2 74. Kb5 Bd8 75. f6 Bxf6 76. Kxa5 Bd8+ 77. Kb4 Be7+ 78.
Kb5 Bd8 79. a5 Bxa5 80. Kxa5 1/2-1/2

[Event "CYCC U08"]
[Site "Windsor CAN"]
[Date "2010.07.08"]
[Round "5"]
[White "Mathews, Joshua"]
[Black "Zhang, Zhehai"]
[Result "1-0"]
[WhiteElo "1094"]
[BlackElo "1170"]
[PlyCount "101"]
[EventDate "2010.07.06"]
[EventType "swiss"]
[EventRounds "7"]
[EventCountry "CAN"]

1. e4 e5 2. Nf3 Nc6 3. Bb5 Nf6 4. Nc3 Bc5 5. O-O O-O 6. d3 d6 7. Bg5 h6 8. Bxf6
Qxf6 9. Nd5 Qg6 10. Re1 Bh3 11. g3 Rac8 12. Bxc6 bxc6 13. Ne7+ Kh8 14. Nxg6+
fxg6 15. Nh4 Rf6 16. Nf3 Bg4 17. Qd2 Bxf3 18. c3 Bg4 19. d4 exd4 20. cxd4 Bb6
21. a4 a5 22. Rf1 Rd8 23. Rac1 Bd7 24. b4 Ra8 25. Ra1 d5 26. e5 Rff8 27. bxa5
Bxa5 28. Qc2 Kh7 29. h4 Rfe8 30. h5 Re6 31. hxg6+ Rxg6 32. e6 Bxe6 33. Qxc6 Rf8
34. Qc2 Bf5 35. Qc5 Bb6 36. Qxf8 Bxd4 37. Qxf5 Bxa1 38. Rxa1 c6 39. a5 h5 40.
a6 Kh6 41. a7 Rf6 42. Qd3 Rf8 43. a8=Q Rxa8 44. Rxa8 g6 45. Ra6 Kg7 46. Rxc6 d4
47. Qxd4+ Kh6 48. Qf4+ Kg7 49. Rc7+ Kg8 50. Qf7+ Kh8 51. Qh7# 1-0

[Event "CYCC U08"]
[Site "Windsor CAN"]
[Date "2010.07.08"]
[Round "5"]
[White "Zhao, Yue Tong (Davy)"]
[Black "Su, Michael"]
[Result "1-0"]
[WhiteElo "1228"]
[BlackElo "1254"]
[PlyCount "105"]
[EventDate "2010.07.06"]
[EventType "swiss"]
[EventRounds "7"]
[EventCountry "CAN"]

1. e4 e6 2. d4 d5 3. Nc3 Bb4 4. exd5 exd5 5. Bd3 Nf6 6. Nf3 Bg4 7. O-O O-O 8.
h3 Bh5 9. a3 Ba5 10. b4 Bb6 11. Be3 Nc6 12. Rb1 h6 13. Ne2 Bxf3 14. gxf3 Ne7
15. Qd2 Nh7 16. Bxh6 gxh6 17. Qxh6 f5 18. Kh1 c6 19. Rg1+ Kf7 20. Qxh7+ Ke8 21.
Nf4 Qd6 22. Rbe1 Bc7 23. Re6 Qd7 24. Rg8 Bxf4 25. Qg6+ Kd8 26. Rxf8+ Kc7 27.
Rxe7 Qxe7 28. Rf7 Re8 29. Rxe7+ Rxe7 30. Qxf5 Bd6 31. h4 Re8 32. h5 Rh8 33. Qg5
Kb6 34. Bg6 a6 35. Qf6 Rh6 36. Qxd6 Rh8 37. c4 Ka7 38. cxd5 cxd5 39. Qxd5 Rc8
40. Qc5+ Kb8 41. Qd6+ Ka7 42. h6 Rh8 43. h7 Ka8 44. Qf6 Rb8 45. h8=R Ka7 46.
Rxb8 Kxb8 47. d5 b5 48. d6 a5 49. d7 a4 50. d8=Q+ Kb7 51. Qfd6 Ka7 52. Q8d7+
Ka8 53. Qf8# 1-0

[Event "CYCC U08"]
[Site "Windsor CAN"]
[Date "2010.07.08"]
[Round "5"]
[White "Zhong, Xiao Xuan"]
[Black "Hu, Henry"]
[Result "1-0"]
[WhiteElo "1214"]
[BlackElo "1110"]
[PlyCount "29"]
[EventDate "2010.07.06"]
[EventType "swiss"]
[EventRounds "7"]
[EventCountry "CAN"]

1. e4 e5 2. Nf3 Nc6 3. Bc4 Nf6 4. d4 Nxe4 5. dxe5 Bc5 6. Qd5 O-O 7. Qxe4 b6 8.
O-O Bb7 9. Nc3 Rb8 10. Bg5 Be7 11. Bxe7 Nxe7 12. Nd5 Re8 13. Ng5 f5 14. Nxe7+
Kh8 15. Nf7# 1-0

[Event "CYCC U08"]
[Site "Windsor CAN"]
[Date "2010.07.08"]
[Round "6"]
[White "Doknjas, Joshua"]
[Black "Zhao, Yue Tong (Davy)"]
[Result "1-0"]
[WhiteElo "1204"]
[BlackElo "1228"]
[PlyCount "173"]
[EventDate "2010.07.06"]
[EventType "swiss"]
[EventRounds "7"]
[EventCountry "CAN"]

1. e4 c5 2. Nf3 Nc6 3. d4 cxd4 4. Nxd4 e5 5. Nf5 d5 6. f3 Bxf5 7. exf5 Nf6 8.
Bb5 Bd6 9. Bg5 Qb6 10. a4 a6 11. Bxc6+ bxc6 12. b3 e4 13. Bxf6 gxf6 14. Qe2
Bxh2 15. fxe4 Bg3+ 16. Kf1 dxe4 17. Nd2 O-O-O 18. Rh3 Qd4 19. Rd1 e3 20. Rxg3
exd2 21. Qxa6+ Kb8 22. Qxc6 Rd6 23. Qb5+ Rb6 24. Qd3 Rd8 25. Qxd4 Rxd4 26. Ke2
Rbd6 27. Rd3 Rxd3 28. cxd3 Rb6 29. Kxd2 Rxb3 30. Rh1 Rb2+ 31. Ke3 Rxg2 32. Rxh7
Rg5 33. Rxf7 Rxf5 34. Ke4 Ra5 35. d4 Rxa4 36. Rxf6 Kc7 37. Ke5 Ra5+ 38. d5 Kd7
39. Rf7+ Ke8 40. Rb7 Ra1 41. Kd6 Ra6+ 42. Kc5 Ra5+ 43. Kc6 Ra6+ 44. Kc7 Ke7 45.
Kc8+ Kd6 46. Rd7+ Kc5 47. Rc7+ Kxd5 48. Rd7+ Kc4 49. Rc7+ Kb5 50. Rb7+ Ka5 51.
Kc7 Rh6 52. Rb1 Rh7+ 53. Kc6 Rh6+ 54. Kc5 Rh5+ 55. Kc6 Rh6+ 56. Kc5 Rh5+ 57.
Kc6 Rg5 58. Kc7 Re5 59. Kd6 Re2 60. Kd5 Rd2+ 61. Kc5 Ka4 62. Kc4 Rc2+ 63. Kd3
Rc8 64. Kd4 Rc6 65. Kd5 Rc7 66. Kd4 Rd7+ 67. Kc4 Ka5 68. Kc5 Rc7+ 69. Kd6 Rh7
70. Kc5 Rc7+ 71. Kd6 Rc2 72. Kd5 Ka4 73. Kd4 Ka3 74. Rb8 Rd2+ 75. Kc3 Ka4 76.
Kxd2 Ka5 77. Rb2 Ka4 78. Kc3 Ka3 79. Rb8 Ka4 80. Rb7 Ka5 81. Kc4 Ka6 82. Rb1
Ka5 83. Rb2 Ka6 84. Kc5 Ka7 85. Kc6 Ka8 86. Kc7 Ka7 87. Ra2# 1-0

[Event "CYCC U08"]
[Site "Windsor CAN"]
[Date "2010.07.08"]
[Round "6"]
[White "Ene, Nicholas"]
[Black "Talukdar, Rohan"]
[Result "1/2-1/2"]
[WhiteElo "1312"]
[BlackElo "1178"]
[PlyCount "114"]
[EventDate "2010.07.06"]
[EventType "swiss"]
[EventRounds "7"]
[EventCountry "CAN"]

1. d4 d5 2. Nc3 a6 3. Nf3 Nc6 4. g3 h6 5. Bg2 Nf6 6. b3 g6 7. Bb2 Bg7 8. O-O
O-O 9. Qd2 e6 10. e3 Bd7 11. Rfe1 Ne4 12. Qd3 Nb4 13. Qd1 Nxc3 14. Bxc3 Nc6 15.
Rb1 Re8 16. a4 Rf8 17. Bb2 Re8 18. Ba3 b5 19. axb5 axb5 20. Bb2 Rf8 21. Ne5
Nxe5 22. dxe5 c5 23. e4 d4 24. c4 b4 25. Qd2 Qg5 26. Qd1 Qe7 27. Qd2 Rac8 28.
Qd1 Rb8 29. Bf3 Bxe5 30. Bc1 Bg7 31. Bg2 Rbc8 32. Bb2 Rb8 33. Qd2 Qg5 34. Qd1
Qe7 35. Bf3 Rbc8 36. e5 Qg5 37. Bb7 Rb8 38. Bf3 Bxe5 39. Bg2 Bg7 40. Qd3 Qf5
41. Qd1 Qf6 42. Re3 e5 43. Re1 Bf5 44. Be4 Rbc8 45. Bxf5 Qxf5 46. Qd2 Rcd8 47.
Red1 Rc8 48. Qe2 Rcd8 49. Rbc1 Rc8 50. Ba1 Rcd8 51. Rb1 d3 52. Qf1 Rc8 53. Rxd3
e4 54. Re3 h5 55. Bxg7 Kxg7 56. h4 Ra8 57. Rbe1 Rfe8 1/2-1/2

[Event "CYCC U08"]
[Site "Windsor CAN"]
[Date "2010.07.08"]
[Round "6"]
[White "Pulfer, Luke"]
[Black "Zhong, Xiao Xuan"]
[Result "0-1"]
[WhiteElo "948"]
[BlackElo "957"]
[PlyCount "80"]
[EventDate "2010.07.06"]
[EventType "swiss"]
[EventRounds "7"]
[EventCountry "CAN"]

1. d4 d5 2. Nc3 Nf6 3. e3 Bf5 4. Be2 e6 5. Nf3 Nc6 6. a3 Bd6 7. Bd2 O-O 8. O-O
e5 9. dxe5 Nxe5 10. Nd4 Bg6 11. Bf3 Nxf3+ 12. Nxf3 Ne4 13. Qe2 Nxd2 14. Qxd2 c6
15. Nd4 Qc7 16. f4 Rae8 17. Rf2 Re7 18. Re1 Rfe8 19. h3 Qb6 20. b4 a5 21. Na4
Qa6 22. bxa5 Bxa3 23. Qc3 Bd6 24. Nc5 Bxc5 25. Qxc5 Rxe3 26. Qd6 Rxe1+ 27. Kh2
Qxa5 28. f5 Bh5 29. Qf4 R1e4 30. Qg5 Qc7+ 31. g3 Re3 32. f6 g6 33. Nf5 Re2 34.
Rxe2 Rxe2+ 35. Kg1 Qa5 36. Qf4 Re1+ 37. Kg2 Re2+ 38. Kg1 Qe1+ 39. Qf1 Qxf1+ 40.
Kxf1 Rxc2 0-1

[Event "CYCC U08"]
[Site "Windsor CAN"]
[Date "2010.07.08"]
[Round "6"]
[White "Su, Michael"]
[Black "Tolentino, Patrick"]
[Result "1-0"]
[WhiteElo "1254"]
[BlackElo "729"]
[PlyCount "115"]
[EventDate "2010.07.06"]
[EventType "swiss"]
[EventRounds "7"]
[EventCountry "CAN"]

1. d4 Nf6 2. c4 e5 3. dxe5 Ng4 4. Nf3 Bc5 5. e3 Bb4+ 6. Bd2 Bxd2+ 7. Nbxd2 Nc6
8. Nb3 Ngxe5 9. Nxe5 Nxe5 10. Qd4 Qf6 11. O-O-O Ng4 12. Qxf6 Nxf6 13. Nd4 O-O
14. Nb5 Ne8 15. f4 a6 16. Nd4 d6 17. Bd3 c5 18. Nf5 Bxf5 19. Bxf5 Rd8 20. g4 g6
21. Be4 Nf6 22. Bf3 b6 23. g5 Ne8 24. h4 f5 25. Bd5+ Kh8 26. h5 Kg7 27. hxg6
Kxg6 28. Rh6+ Kg7 29. Rdh1 Rh8 30. Be6 Kf8 31. Rxh7 Rxh7 32. Rxh7 Ng7 33. Rh8+
Ke7 34. Rxd8 Kxd8 35. Bd5 Ke7 36. Kd2 Nh5 37. Ke2 Kd7 38. Kf3 a5 39. e4 Ng7 40.
exf5 Nxf5 41. Kg4 Nd4 42. Kh5 Nf5 43. Kg6 Ne7+ 44. Kf7 Nf5 45. Be6+ Kd8 46.
Bxf5 Kc7 47. g6 Kc6 48. g7 d5 49. cxd5+ Kxd5 50. g8=Q Kd4 51. Qg1+ Kd5 52. Be6+
Ke4 53. f5 Kd3 54. Kg7 c4 55. f6 b5 56. f7 b4 57. f8=Q Ke4 58. Qf5# 1-0

[Event "CYCC U08"]
[Site "Windsor CAN"]
[Date "2010.07.08"]
[Round "6"]
[White "Yie, Kevin"]
[Black "Mathews, Joshua"]
[Result "1/2-1/2"]
[WhiteElo "1302"]
[BlackElo "1094"]
[PlyCount "56"]
[EventDate "2010.07.06"]
[EventType "swiss"]
[EventRounds "7"]
[EventCountry "CAN"]

1. e4 e5 2. Nf3 Nc6 3. Bc4 d6 4. O-O Be7 5. h3 Nf6 6. Nc3 O-O 7. d3 h6 8. Be3
Na5 9. Bb3 Nxb3 10. axb3 d5 11. exd5 Nxd5 12. Nxe5 Bf6 13. Nf3 Nxc3 14. bxc3
Bxc3 15. Ra2 Bf5 16. Bc5 Re8 17. Ba3 Bf6 18. Bb2 Bxb2 19. Rxb2 Qf6 20. Ra2 Qg6
21. Nh4 Qg5 22. Nxf5 Qxf5 23. Re1 a6 24. Ra1 Qd7 25. Qf3 c6 26. Qg4 Qxg4 27.
hxg4 Rad8 28. Kf1 Kf8 1/2-1/2

[Event "CYCC U08"]
[Site "Windsor CAN"]
[Date "2010.07.08"]
[Round "6"]
[White "Zhang, Zhehai"]
[Black "Boushy, Declan Paul"]
[Result "1-0"]
[WhiteElo "1170"]
[BlackElo "901"]
[PlyCount "53"]
[EventDate "2010.07.06"]
[EventType "swiss"]
[EventRounds "7"]
[EventCountry "CAN"]

1. e4 c5 2. Nf3 e6 3. c3 Nc6 4. Be2 d6 5. O-O a6 6. d4 cxd4 7. cxd4 d5 8. exd5
exd5 9. Re1 Be7 10. Nc3 Nf6 11. Bf4 O-O 12. Qc2 Bg4 13. Rad1 Bxf3 14. Bxf3 Bd6
15. Bg5 Be7 16. Qb3 Nb4 17. a3 Nc6 18. Nxd5 Nxd5 19. Bxe7 Ndxe7 20. d5 Nxd5 21.
Bxd5 Na5 22. Qf3 g6 23. Bxf7+ Rxf7 24. Rxd8+ Rxd8 25. Qc3 Re7 26. Rxe7 Nc6 27.
Qg7# 1-0

[Event "CYCC U08"]
[Site "Windsor CAN"]
[Date "2010.07.09"]
[Round "7"]
[White "Bacic, Joyce"]
[Black "Boushy, Declan Paul"]
[Result "0-1"]
[WhiteElo "552"]
[BlackElo "901"]
[PlyCount "27"]
[EventDate "2010.07.06"]
[EventType "swiss"]
[EventRounds "7"]
[EventCountry "CAN"]

1. Nc3 e5 2. Nf3 Nc6 3. e4 Nf6 4. d3 d6 5. Bg5 Be7 6. Be2 Be6 7. O-O d5 8. exd5
Nxd5 9. Nxd5 Bxd5 10. Ne1 Bxg5 11. Nf3 Bxf3 12. gxf3 Bf4 13. Kh1 Qh4 14. Qe1
0-1

[Event "CYCC U08"]
[Site "Windsor CAN"]
[Date "2010.07.09"]
[Round "7"]
[White "Hu, Henry"]
[Black "Zhang, Zhehai"]
[Result "0-1"]
[WhiteElo "1110"]
[BlackElo "1170"]
[PlyCount "154"]
[EventDate "2010.07.06"]
[EventType "swiss"]
[EventRounds "7"]
[EventCountry "CAN"]

1. e4 e5 2. Nf3 Nc6 3. Bc4 Nf6 4. Ng5 d5 5. exd5 Na5 6. Bb5+ c6 7. dxc6 Nxc6 8.
Bc4 Nd5 9. d3 Be7 10. Qh5 Bxg5 11. Bxg5 Qd7 12. Nd2 O-O 13. O-O Nde7 14. Ne4
Qg4 15. Qxg4 Bxg4 16. h3 Bh5 17. Ng3 Bg6 18. Bb5 h6 19. Bh4 Rfe8 20. Rfe1 f6
21. Bc4+ Kh8 22. c3 Rad8 23. Rad1 Bh7 24. Bb5 g5 25. d4 gxh4 26. dxe5 Rxd1 27.
Rxd1 hxg3 28. exf6 gxf2+ 29. Kxf2 Ng6 30. Bc4 Rf8 31. f7 Bg8 32. Rd7 Nge5 33.
Kg3 Nxd7 34. fxg8=Q+ Rxg8+ 35. Bxg8 Kxg8 36. Kh4 Nc5 37. g4 Ne7 38. Kh5 Kh7 39.
h4 Nd3 40. b4 Nxb4 41. cxb4 a6 42. g5 hxg5 43. hxg5 Kg7 44. a4 b6 45. Kg4 a5
46. b5 Nd5 47. Kf5 Nc3 48. g6 Nxa4 49. Ke5 Nc5 50. Kd4 a4 51. Kc3 Kxg6 52. Kb4
Kf6 53. Ka3 Ke5 54. Kb4 Kd4 55. Ka3 Kc4 56. Kb2 Kb4 57. Kb1 Ka3 58. Ka1 Nb3+
59. Kb1 Kb4 60. Ka2 Kxb5 61. Ka3 Ka5 62. Ka2 b5 63. Ka3 b4+ 64. Kb2 Nc5 65. Ka2
a3 66. Kb1 b3 67. Ka1 Kb4 68. Kb1 Kc3 69. Kc1 a2 70. Kd1 a1=Q+ 71. Ke2 Qb2+ 72.
Ke3 Qd2+ 73. Kf3 Kd3 74. Kg3 b2 75. Kf3 b1=Q 76. Kg3 Qg1+ 77. Kf3 Qde3# 0-1

[Event "CYCC U08"]
[Site "Windsor CAN"]
[Date "2010.07.09"]
[Round "7"]
[White "Mathews, Joshua"]
[Black "Doknjas, Joshua"]
[Result "0-1"]
[WhiteElo "1094"]
[BlackElo "1204"]
[PlyCount "100"]
[EventDate "2010.07.06"]
[EventType "swiss"]
[EventRounds "7"]
[EventCountry "CAN"]

1. e4 c5 2. Nf3 d6 3. Nc3 e6 4. Bc4 Nc6 5. O-O Nge7 6. d3 g6 7. Bg5 Bg7 8. Re1
O-O 9. Qd2 d5 10. Bb5 f6 11. Bh6 a6 12. Bxg7 Kxg7 13. Bxc6 bxc6 14. exd5 cxd5
15. d4 c4 16. Na4 Nf5 17. c3 Nd6 18. Nc5 Re8 19. Re2 Nb7 20. Rae1 Nxc5 21. dxc5
e5 22. Rd1 Be6 23. b4 a5 24. b5 Rc8 25. c6 Rb8 26. Rb1 Re7 27. Qe3 Rc7 28. Ree1
Bf5 29. Rb2 Rxc6 30. bxc6 Rxb2 31. Qc5 Qb6 32. Qe7+ Kh6 33. Qf8+ Kh5 34. Rf1
Qxc6 35. Qh8 Rb7 36. h3 d4 37. g4+ Bxg4 38. hxg4+ Kxg4 39. Nh2+ Kh3 40. f3 dxc3
41. Rc1 Qc5+ 42. Kh1 f5 43. Rf1 Qd6 44. Qc8 Rb2 45. Ng4 Qd2 46. Nf2+ Kg3 47.
Qxc4 Qh6+ 48. Qh4+ Qxh4+ 49. Nh3 Qxh3+ 50. Kg1 Rg2# 0-1

[Event "CYCC U08"]
[Site "Windsor CAN"]
[Date "2010.07.09"]
[Round "7"]
[White "Patel, Advait"]
[Black "Talukdar, Rohan"]
[Result "1-0"]
[WhiteElo "842"]
[BlackElo "1178"]
[PlyCount "108"]
[EventDate "2010.07.06"]
[EventType "swiss"]
[EventRounds "7"]
[EventCountry "CAN"]

1. e4 e5 2. Nf3 Nf6 3. Nxe5 d6 4. Nf3 g6 5. Nc3 Nc6 6. Bc4 Bg7 7. Ng5 Qe7 8. d3
Be6 9. Bxe6 fxe6 10. Bf4 h6 11. Nh3 Nd4 12. O-O O-O-O 13. e5 dxe5 14. Bxe5 Rhg8
15. Bxd4 Rxd4 16. Qe2 Rdd8 17. Rfe1 Rde8 18. Nf4 e5 19. Nxg6 Qe6 20. Qxe5 Qxe5
21. Nxe5 Nh5 22. Ng6 Rxe1+ 23. Rxe1 Bd4 24. Ne7+ Kb8 25. Nxg8 b6 26. Nxh6 Ng7
27. Re4 Bf6 28. Nd5 Bxb2 29. f4 Kc8 30. f5 c6 31. Ne7+ Kd7 32. Ng4 c5 33. f6
Nh5 34. f7 Bg7 35. Nf5 Bf8 36. Re8 Bg7 37. Nxg7 Nxg7 38. f8=Q Nxe8 39. Nf6+
Nxf6 40. Qxf6 Kc7 41. h4 Kd7 42. h5 Kc7 43. h6 Kd7 44. h7 Kc7 45. h8=Q Kd7 46.
Qf7+ Kc6 47. Qxa7 Kb5 48. a4+ Kc6 49. Qa6 Kd5 50. Qc4+ Kc6 51. Qf6+ Kd7 52.
Qd5+ Kc7 53. Qdc6+ Kb8 54. Qe7 c4 1-0